Development, optimization and characterization of self micro emulsifying drug delivery system for solubility enhancement of selected BCS-Class II drugs (Record no. 9360)

MARC details
000 -LEADER
fixed length control field 00448nam a2200145Ia 4500
008 - FIXED-LENGTH DATA ELEMENTS--GENERAL INFORMATION
fixed length control field 230917s9999||||xx |||||||||||||| ||und||
040 ## - CATALOGING SOURCE
-- 5003563
Original cataloging agency VIVEKANANDA LIBRARY
041 ## - Language
-- English
082 ## - DDC NUMBER
Classification number 615.19 A35D
100 ## - MAIN ENTRY--PERSONAL NAME
Personal name Ashish Kumar
245 #0 - TITLE STATEMENT
Title Development, optimization and characterization of self micro emulsifying drug delivery system for solubility enhancement of selected BCS-Class II drugs
260 ## - PUBLICATION, DISTRIBUTION, ETC. (IMPRINT)
Date of publication, distribution, etc 2018
300 ## - PHYSICAL DESCRIPTION
Pages 157 p.
942 ## - ADDED ENTRY ELEMENTS (KOHA)
Koha item type Books
Holdings
Withdrawn status Lost status Damaged status Not for loan Location (home branch) Sublocation or collection (holding branch) Date acquired Koha issues (times borrowed) Koha full call number Accession No. Koha date last seen Koha item type
        VIVEKANANDA LIBRARY VIVEKANANDA LIBRARY 15/07/2020   615.19 A35D 224375 17/09/2023 Books
© Designed and Maintained by Vivekananda Library, MDU Rohtak